सदाबहार वृद्धत्व (Record no. 1078304)

MARC details
000 -LEADER
fixed length control field 00561nam a2200193Ia 4500
008 - FIXED-LENGTH DATA ELEMENTS--GENERAL INFORMATION
fixed length control field 151119s9999||||xx |||||||||||||| ||und||
082 ## - DEWEY DECIMAL CLASSIFICATION NUMBER
Classification number 362.6
082 ## - DEWEY DECIMAL CLASSIFICATION NUMBER
Item number GKKV25798
100 ## - MAIN ENTRY--PERSONAL NAME
Personal name उगावकर राम
245 ## - TITLE STATEMENT
Title सदाबहार वृद्धत्व
260 ## - PUBLICATION, DISTRIBUTION, ETC. (IMPRINT)
Place of publication, distribution, etc --
260 ## - PUBLICATION, DISTRIBUTION, ETC. (IMPRINT)
Name of publisher, distributor, etc --
260 ## - PUBLICATION, DISTRIBUTION, ETC. (IMPRINT)
Date of publication, distribution, etc 0
600 ## - SUBJECT ADDED ENTRY--PERSONAL NAME
Personal name उगावकर राम
630 ## - SUBJECT ADDED ENTRY--UNIFORM TITLE
Uniform title सदाबहार वृद्धत्व
700 ## - ADDED ENTRY--PERSONAL NAME
Personal name उगावकर राम
730 ## - ADDED ENTRY--UNIFORM TITLE
Uniform title सदाबहार वृद्धत्व
942 ## - ADDED ENTRY ELEMENTS (KOHA)
Koha item type Book
Holdings
Withdrawn status Lost status Damaged status Not for loan Home library Current library Date acquired Cost, normal purchase price Total Checkouts Full call number Barcode Date last seen Cost, replacement price Price effective from Koha item type
        G.K. Khandekar Vachanalaya, Mulund G.K. Khandekar Vachanalaya, Mulund 02/16/2013 0.00   GKKV25798 GKKV25798 11/19/2015 0.00 11/19/2015 Book